Big Brother US Contestants - Statistics

General Stats
  • This quiz has been taken 1,059 times
    932 since last reset
  • The average score is 247 of 405
Answer Stats
Season Placement Contestant % Correct
πŸ‡ΊπŸ‡Έ Big Brother (US) πŸ‡ΊπŸ‡Έ-Season 14- 11th Wil Heuser
88%
πŸ‡ΊπŸ‡Έ Big Brother (US) πŸ‡ΊπŸ‡Έ-Season 10- πŸ† WINNER πŸ† Dan Gheesling
87%
πŸ‡ΊπŸ‡Έ Big Brother (US) πŸ‡ΊπŸ‡Έ-Season 14- πŸ₯ˆ Runner-Up πŸ₯ˆ Dan Gheesling
87%
πŸ‡ΊπŸ‡Έ Big Brother (US) πŸ‡ΊπŸ‡Έ-Season 21- πŸ₯‰ 3rd πŸ₯‰πŸ’ America's Favorite πŸ’ Nicole Anthony
86%
πŸ‡ΊπŸ‡Έ Big Brother (US) πŸ‡ΊπŸ‡Έ-Season 22: All-Stars- 15th Nicole Anthony
86%
πŸ‡ΊπŸ‡Έ Big Brother (US) πŸ‡ΊπŸ‡Έ-Season 16- 7th(Orig. 9th) Nicole Franzel
86%
πŸ‡ΊπŸ‡Έ Big Brother (US) πŸ‡ΊπŸ‡Έ-Season 18- πŸ† WINNER πŸ† Nicole Franzel
86%
πŸ‡ΊπŸ‡Έ Big Brother (US) πŸ‡ΊπŸ‡Έ-Season 22: All-Stars- πŸ₯‰ 3rd πŸ₯‰ Nicole Franzel
86%
πŸ‡ΊπŸ‡Έ Big Brother (US) πŸ‡ΊπŸ‡Έ-Reindeer Games- πŸ† WINNER πŸ† Nicole Franzel
86%
πŸ‡ΊπŸ‡Έ Big Brother (US) πŸ‡ΊπŸ‡Έ-Season 24- 13th Nicole Layog
86%
πŸ‡ΊπŸ‡Έ Big Brother (US) πŸ‡ΊπŸ‡Έ-Season 2- πŸ₯ˆ Runner-Up πŸ₯ˆ Nicole Schaffrich
86%
πŸ‡ΊπŸ‡Έ Big Brother (US) πŸ‡ΊπŸ‡Έ-Season 2- πŸ† WINNER πŸ† Will Kirby
86%
πŸ‡ΊπŸ‡Έ Big Brother (US) πŸ‡ΊπŸ‡Έ-Season 7: All-Stars- 4th Will Kirby
86%
πŸ‡ΊπŸ‡Έ Big Brother (US) πŸ‡ΊπŸ‡Έ-Season 5- 9th Will Wikle
86%
πŸ‡ΊπŸ‡Έ Big Brother (US) πŸ‡ΊπŸ‡Έ-Season 16- πŸ₯ˆ Runner-Up πŸ₯ˆ Cody Calafiore
84%
πŸ‡ΊπŸ‡Έ Big Brother (US) πŸ‡ΊπŸ‡Έ-Season 22: All-Stars- πŸ† WINNER πŸ† Cody Calafiore
84%
πŸ‡ΊπŸ‡Έ Big Brother (US) πŸ‡ΊπŸ‡Έ-Reindeer Games- 8th Cody Calafiore
84%
πŸ‡ΊπŸ‡Έ Big Brother (US) πŸ‡ΊπŸ‡Έ-Season 19- 11th(Orig. 14th) πŸ’ America's Favorite πŸ’ Cody Nickson
84%
πŸ‡ΊπŸ‡Έ Big Brother (US) πŸ‡ΊπŸ‡Έ-Season 24- 12th Daniel Durston
84%
πŸ‡ΊπŸ‡Έ Big Brother (US) πŸ‡ΊπŸ‡Έ-Season 18- πŸ₯ˆ Runner-Up πŸ₯ˆ Paul Abrahamian
84%
πŸ‡ΊπŸ‡Έ Big Brother (US) πŸ‡ΊπŸ‡Έ-Season 19- πŸ₯ˆ Runner-Up πŸ₯ˆ Paul Abrahamian
84%
πŸ‡ΊπŸ‡Έ Big Brother (US) πŸ‡ΊπŸ‡Έ-Season 6- 8th Rachel Plencner
84%
πŸ‡ΊπŸ‡Έ Big Brother (US) πŸ‡ΊπŸ‡Έ-Season 12- 9th Rachel Reilly
84%
πŸ‡ΊπŸ‡Έ Big Brother (US) πŸ‡ΊπŸ‡Έ-Season 13- πŸ† WINNER πŸ† Rachel Reilly
84%
πŸ‡ΊπŸ‡Έ Big Brother (US) πŸ‡ΊπŸ‡Έ-Season 20- 12th Rachel Swindler
84%
πŸ‡ΊπŸ‡Έ Big Brother (US) πŸ‡ΊπŸ‡Έ-Season 20- 15th Chris 'Swaggy C' Williams
83%
πŸ‡ΊπŸ‡Έ Big Brother (US) πŸ‡ΊπŸ‡Έ-Season 14- 7thπŸ’ America's Favorite πŸ’ Frank Eudy
83%
πŸ‡ΊπŸ‡Έ Big Brother (US) πŸ‡ΊπŸ‡Έ-Season 18- 12th Frank Eudy
83%
πŸ‡ΊπŸ‡Έ Big Brother (US) πŸ‡ΊπŸ‡Έ-Season 21- 11th Jack Matthews
82%
πŸ‡ΊπŸ‡Έ Big Brother (US) πŸ‡ΊπŸ‡Έ-Season 4- 6th Jack Owens
82%
πŸ‡ΊπŸ‡Έ Big Brother (US) πŸ‡ΊπŸ‡Έ-Season 3- 9th Josh Feinberg
82%
πŸ‡ΊπŸ‡Έ Big Brother (US) πŸ‡ΊπŸ‡Έ-Season 19- πŸ† WINNER πŸ† Josh Martinez
82%
πŸ‡ΊπŸ‡Έ Big Brother (US) πŸ‡ΊπŸ‡Έ-Reindeer Games- 6th Josh Martinez
82%
πŸ‡ΊπŸ‡Έ Big Brother (US) πŸ‡ΊπŸ‡Έ-Season 1- πŸ₯ˆ Runner-Up πŸ₯ˆ Josh Souza
82%
πŸ‡ΊπŸ‡Έ Big Brother (US) πŸ‡ΊπŸ‡Έ-Season 19- 8th Matt Clines
82%
πŸ‡ΊπŸ‡Έ Big Brother (US) πŸ‡ΊπŸ‡Έ-Season 26- 16th Matt Hardeman
82%
πŸ‡ΊπŸ‡Έ Big Brother (US) πŸ‡ΊπŸ‡Έ-Season 12- 7th Matt Hoffman
82%
πŸ‡ΊπŸ‡Έ Big Brother (US) πŸ‡ΊπŸ‡Έ-Season 25- πŸ₯ˆ Runner-Up πŸ₯ˆ Matt Klotz
82%
πŸ‡ΊπŸ‡Έ Big Brother (US) πŸ‡ΊπŸ‡Έ-Season 9: 'Til Death Do You Part- 9th Matt McDonald
82%
πŸ‡ΊπŸ‡Έ Big Brother (US) πŸ‡ΊπŸ‡Έ-Season 2- 8th Mike 'Boogie' Malin
82%
πŸ‡ΊπŸ‡Έ Big Brother (US) πŸ‡ΊπŸ‡Έ-Season 7: All-Stars- πŸ† WINNER πŸ† Mike 'Boogie' Malin
82%
πŸ‡ΊπŸ‡Έ Big Brother (US) πŸ‡ΊπŸ‡Έ-Season 14- 10th Mike 'Boogie' Malin
82%
πŸ‡ΊπŸ‡Έ Big Brother (US) πŸ‡ΊπŸ‡Έ-Season 17- 7thπŸ’ America's Favorite πŸ’ James Huling
81%
πŸ‡ΊπŸ‡Έ Big Brother (US) πŸ‡ΊπŸ‡Έ-Season 18- πŸ₯‰ 3rd πŸ₯‰ James Huling
81%
πŸ‡ΊπŸ‡Έ Big Brother (US) πŸ‡ΊπŸ‡Έ-Season 6- 7th James Rhine
81%
πŸ‡ΊπŸ‡Έ Big Brother (US) πŸ‡ΊπŸ‡Έ-Season 7: All-Stars- 7th James Rhine
81%
πŸ‡ΊπŸ‡Έ Big Brother (US) πŸ‡ΊπŸ‡Έ-Season 9: 'Til Death Do You Part- 6th(Orig. 9th) πŸ’ America's Favorite πŸ’ James Zinkand
81%
πŸ‡ΊπŸ‡Έ Big Brother (US) πŸ‡ΊπŸ‡Έ-Over The Top- 6th Danielle Lickey
80%
πŸ‡ΊπŸ‡Έ Big Brother (US) πŸ‡ΊπŸ‡Έ-Season 14- πŸ₯‰ 3rd πŸ₯‰ Danielle Murphree
80%
πŸ‡ΊπŸ‡Έ Big Brother (US) πŸ‡ΊπŸ‡Έ-Season 3- πŸ₯ˆ Runner-Up πŸ₯ˆ Danielle Reyes
80%
πŸ‡ΊπŸ‡Έ Big Brother (US) πŸ‡ΊπŸ‡Έ-Season 7: All-Stars- 6th Danielle Reyes
80%
πŸ‡ΊπŸ‡Έ Big Brother (US) πŸ‡ΊπŸ‡Έ-Reindeer Games- 7th Danielle Reyes
80%
πŸ‡ΊπŸ‡Έ Big Brother (US) πŸ‡ΊπŸ‡Έ-Season 6- πŸ₯‰ 3rd πŸ₯‰ Janelle Pierzina
79%
πŸ‡ΊπŸ‡Έ Big Brother (US) πŸ‡ΊπŸ‡Έ-Season 7: All-Stars- πŸ₯‰ 3rd πŸ₯‰πŸ’ America's Favorite πŸ’ Janelle Pierzina
79%
πŸ‡ΊπŸ‡Έ Big Brother (US) πŸ‡ΊπŸ‡Έ-Season 14- 12th Janelle Pierzina
79%
πŸ‡ΊπŸ‡Έ Big Brother (US) πŸ‡ΊπŸ‡Έ-Season 22: All-Stars- 14th Janelle Pierzina
79%
πŸ‡ΊπŸ‡Έ Big Brother (US) πŸ‡ΊπŸ‡Έ-Season 26- 6th Angela Murray
78%
πŸ‡ΊπŸ‡Έ Big Brother (US) πŸ‡ΊπŸ‡Έ-Season 20- 4th Angela Rummans
78%
πŸ‡ΊπŸ‡Έ Big Brother (US) πŸ‡ΊπŸ‡Έ-Season 10- πŸ₯ˆ Runner-Up πŸ₯ˆ Memphis Garrett
78%
πŸ‡ΊπŸ‡Έ Big Brother (US) πŸ‡ΊπŸ‡Έ-Season 22: All-Stars- 5th Memphis Garrett
78%
πŸ‡ΊπŸ‡Έ Big Brother (US) πŸ‡ΊπŸ‡Έ-Season 5- πŸ₯ˆ Runner-Up πŸ₯ˆ Michael 'Cowboy' Ellis
78%
πŸ‡ΊπŸ‡Έ Big Brother (US) πŸ‡ΊπŸ‡Έ-Season 20- 16th Steve Arienta
78%
πŸ‡ΊπŸ‡Έ Big Brother (US) πŸ‡ΊπŸ‡Έ-Season 26- πŸ₯‰ 3rd πŸ₯‰ Cam Sullivan-Brown
77%
πŸ‡ΊπŸ‡Έ Big Brother (US) πŸ‡ΊπŸ‡Έ-Season 1- 9th Jean Jordan
77%
πŸ‡ΊπŸ‡Έ Big Brother (US) πŸ‡ΊπŸ‡Έ-Season 17- πŸ† WINNER πŸ† Steve Moses
77%
πŸ‡ΊπŸ‡Έ Big Brother (US) πŸ‡ΊπŸ‡Έ-Season 24- πŸ† WINNER πŸ†πŸ’ America's Favorite πŸ’ Taylor Hale
77%
πŸ‡ΊπŸ‡Έ Big Brother (US) πŸ‡ΊπŸ‡Έ-Reindeer Games- πŸ₯ˆ Runner-Up πŸ₯ˆ Taylor Hale
77%
πŸ‡ΊπŸ‡Έ Big Brother (US) πŸ‡ΊπŸ‡Έ-Season 16- 5th Frankie Grande
76%
πŸ‡ΊπŸ‡Έ Big Brother (US) πŸ‡ΊπŸ‡Έ-Reindeer Games- πŸ₯‰ 3rd πŸ₯‰ Frankie Grande
76%
πŸ‡ΊπŸ‡Έ Big Brother (US) πŸ‡ΊπŸ‡Έ-Season 14- πŸ† WINNER πŸ† Ian Terry
76%
πŸ‡ΊπŸ‡Έ Big Brother (US) πŸ‡ΊπŸ‡Έ-Season 22: All-Stars- 11th Ian Terry
76%
πŸ‡ΊπŸ‡Έ Big Brother (US) πŸ‡ΊπŸ‡Έ-Season 18- 5th(Orig. 14th & 7th) πŸ’ America's Favorite πŸ’ Victor Arroyo
76%
πŸ‡ΊπŸ‡Έ Big Brother (US) πŸ‡ΊπŸ‡Έ-Season 19- 7th Jason Dent
75%
πŸ‡ΊπŸ‡Έ Big Brother (US) πŸ‡ΊπŸ‡Έ-Season 3- πŸ₯‰ 3rd πŸ₯‰ Jason Guy
75%
πŸ‡ΊπŸ‡Έ Big Brother (US) πŸ‡ΊπŸ‡Έ-Season 17- 13th Jason Roy
75%
πŸ‡ΊπŸ‡Έ Big Brother (US) πŸ‡ΊπŸ‡Έ-Over The Top- πŸ₯ˆ Runner-Up πŸ₯ˆ Jason Roy
75%
πŸ‡ΊπŸ‡Έ Big Brother (US) πŸ‡ΊπŸ‡Έ-Season 11- 5thπŸ’ America's Favorite πŸ’ Jeff Schroeder
75%
πŸ‡ΊπŸ‡Έ Big Brother (US) πŸ‡ΊπŸ‡Έ-Season 13- 7thπŸ’ America's Favorite πŸ’ Jeff Schroeder
75%
πŸ‡ΊπŸ‡Έ Big Brother (US) πŸ‡ΊπŸ‡Έ-Season 17- 15th Jeff Weldon
75%
πŸ‡ΊπŸ‡Έ Big Brother (US) πŸ‡ΊπŸ‡Έ-Season 3- πŸ† WINNER πŸ† Lisa Donohue
75%
πŸ‡ΊπŸ‡Έ Big Brother (US) πŸ‡ΊπŸ‡Έ-Season 26- 15th Lisa Weintraub
75%
πŸ‡ΊπŸ‡Έ Big Brother (US) πŸ‡ΊπŸ‡Έ-Season 24- 6th Michael Bruner
75%
πŸ‡ΊπŸ‡Έ Big Brother (US) πŸ‡ΊπŸ‡Έ-Season 6- 13th Michael Donnellan
75%
πŸ‡ΊπŸ‡Έ Big Brother (US) πŸ‡ΊπŸ‡Έ-Season 8- 12th Mike Dutz
75%
πŸ‡ΊπŸ‡Έ Big Brother (US) πŸ‡ΊπŸ‡Έ-Season 5- 14th Mike Lubinski
75%
πŸ‡ΊπŸ‡Έ Big Brother (US) πŸ‡ΊπŸ‡Έ-Season 12- 4thπŸ’ America's Favorite πŸ’ Britney Haynes
74%
πŸ‡ΊπŸ‡Έ Big Brother (US) πŸ‡ΊπŸ‡Έ-Season 14- 8th Britney Haynes
74%
πŸ‡ΊπŸ‡Έ Big Brother (US) πŸ‡ΊπŸ‡Έ-Reindeer Games- 5th Britney Haynes
74%
πŸ‡ΊπŸ‡Έ Big Brother (US) πŸ‡ΊπŸ‡Έ-Season 16- πŸ† WINNER πŸ† Derrick Levasseur
74%
πŸ‡ΊπŸ‡Έ Big Brother (US) πŸ‡ΊπŸ‡Έ-Season 19- 12th Jessica Graf
74%
πŸ‡ΊπŸ‡Έ Big Brother (US) πŸ‡ΊπŸ‡Έ-Season 8- 6th Jessica Hughbanks
74%
πŸ‡ΊπŸ‡Έ Big Brother (US) πŸ‡ΊπŸ‡Έ-Season 21- 7th Jessica Milagros
74%
πŸ‡ΊπŸ‡Έ Big Brother (US) πŸ‡ΊπŸ‡Έ-Season 14- 6th Joe Arvin
74%
πŸ‡ΊπŸ‡Έ Big Brother (US) πŸ‡ΊπŸ‡Έ-Season 8- 13th Joe Barber
74%
πŸ‡ΊπŸ‡Έ Big Brother (US) πŸ‡ΊπŸ‡Έ-Season 17- 4th(Orig. 8th) John McGuire
74%
πŸ‡ΊπŸ‡Έ Big Brother (US) πŸ‡ΊπŸ‡Έ-Season 11- πŸ† WINNER πŸ† Jordan Lloyd
74%
πŸ‡ΊπŸ‡Έ Big Brother (US) πŸ‡ΊπŸ‡Έ-Season 13- 4th Jordan Lloyd
74%
πŸ‡ΊπŸ‡Έ Big Brother (US) πŸ‡ΊπŸ‡Έ-Season 20- πŸ₯ˆ Runner-Up πŸ₯ˆπŸ’ America's Favorite πŸ’ Tyler Crispen
74%
πŸ‡ΊπŸ‡Έ Big Brother (US) πŸ‡ΊπŸ‡Έ-Season 22: All-Stars- 6th Tyler Crispen
74%
πŸ‡ΊπŸ‡Έ Big Brother (US) πŸ‡ΊπŸ‡Έ-Season 15- πŸ† WINNER πŸ† Andy Herren
73%
πŸ‡ΊπŸ‡Έ Big Brother (US) πŸ‡ΊπŸ‡Έ-Season 8- πŸ† WINNER πŸ† Dick Donato
73%
πŸ‡ΊπŸ‡Έ Big Brother (US) πŸ‡ΊπŸ‡Έ-Season 13- 14th(Quit) Dick Donato
73%
πŸ‡ΊπŸ‡Έ Big Brother (US) πŸ‡ΊπŸ‡Έ-Season 17- πŸ₯ˆ Runner-Up πŸ₯ˆ Liz Nolan
73%
πŸ‡ΊπŸ‡Έ Big Brother (US) πŸ‡ΊπŸ‡Έ-Season 21- 16th David Alexander
72%
πŸ‡ΊπŸ‡Έ Big Brother (US) πŸ‡ΊπŸ‡Έ-Season 22: All-Stars- 8th David Alexander
72%
πŸ‡ΊπŸ‡Έ Big Brother (US) πŸ‡ΊπŸ‡Έ-Season 15- 16th David Girton
72%
πŸ‡ΊπŸ‡Έ Big Brother (US) πŸ‡ΊπŸ‡Έ-Season 4- 10th David Lane
72%
πŸ‡ΊπŸ‡Έ Big Brother (US) πŸ‡ΊπŸ‡Έ-Season 12- πŸ† WINNER πŸ† Hayden Moss
72%
πŸ‡ΊπŸ‡Έ Big Brother (US) πŸ‡ΊπŸ‡Έ-Season 16- 10th Hayden Voss
72%
πŸ‡ΊπŸ‡Έ Big Brother (US) πŸ‡ΊπŸ‡Έ-Season 21- πŸ† WINNER πŸ† Jackson Michie
72%
πŸ‡ΊπŸ‡Έ Big Brother (US) πŸ‡ΊπŸ‡Έ-Season 25- 9th(Orig. 11th) πŸ’ America's Favorite πŸ’ Cameron Hardin
71%
πŸ‡ΊπŸ‡Έ Big Brother (US) πŸ‡ΊπŸ‡Έ-Reindeer Games- 9th Cameron Hardin
71%
πŸ‡ΊπŸ‡Έ Big Brother (US) πŸ‡ΊπŸ‡Έ-Season 19- 17th Cameron Heard
71%
πŸ‡ΊπŸ‡Έ Big Brother (US) πŸ‡ΊπŸ‡Έ-Season 6- 10th(Orig. 11th) Kaysar Ridha
71%
πŸ‡ΊπŸ‡Έ Big Brother (US) πŸ‡ΊπŸ‡Έ-Season 7: All-Stars- 10th Kaysar Ridha
71%
πŸ‡ΊπŸ‡Έ Big Brother (US) πŸ‡ΊπŸ‡Έ-Season 22: All-Stars- 13th Kaysar Ridha
71%
πŸ‡ΊπŸ‡Έ Big Brother (US) πŸ‡ΊπŸ‡Έ-Season 17- πŸ₯‰ 3rd πŸ₯‰ Vanessa Rousso
71%
πŸ‡ΊπŸ‡Έ Big Brother (US) πŸ‡ΊπŸ‡Έ-Season 19- πŸ₯‰ 3rd πŸ₯‰ Christmas Abbott
70%
πŸ‡ΊπŸ‡Έ Big Brother (US) πŸ‡ΊπŸ‡Έ-Season 22: All-Stars- 4th Christmas Abbott
70%
πŸ‡ΊπŸ‡Έ Big Brother (US) πŸ‡ΊπŸ‡Έ-Season 17- 16th Da'Vonne Rogers
70%
πŸ‡ΊπŸ‡Έ Big Brother (US) πŸ‡ΊπŸ‡Έ-Season 18- 11th Da'Vonne Rogers
70%
πŸ‡ΊπŸ‡Έ Big Brother (US) πŸ‡ΊπŸ‡Έ-Season 22: All-Stars- 10thπŸ’ America's Favorite πŸ’ Da'Vonne Rogers
70%
πŸ‡ΊπŸ‡Έ Big Brother (US) πŸ‡ΊπŸ‡Έ-Season 1- 5th George Boswell
70%
πŸ‡ΊπŸ‡Έ Big Brother (US) πŸ‡ΊπŸ‡Έ-Season 7: All-Stars- 5th George Boswell
70%
πŸ‡ΊπŸ‡Έ Big Brother (US) πŸ‡ΊπŸ‡Έ-Season 25- πŸ† WINNER πŸ† Jag Bains
70%
πŸ‡ΊπŸ‡Έ Big Brother (US) πŸ‡ΊπŸ‡Έ-Season 11- πŸ₯‰ 3rd πŸ₯‰ Kevin Campbell
70%
πŸ‡ΊπŸ‡Έ Big Brother (US) πŸ‡ΊπŸ‡Έ-Season 22: All-Stars- 9th Kevin Campbell
70%
πŸ‡ΊπŸ‡Έ Big Brother (US) πŸ‡ΊπŸ‡Έ-Season 19- 4th Kevin Schlehuber
70%
πŸ‡ΊπŸ‡Έ Big Brother (US) πŸ‡ΊπŸ‡Έ-Season 16- πŸ₯‰ 3rd πŸ₯‰ Victoria Rafaeli
70%
πŸ‡ΊπŸ‡Έ Big Brother (US) πŸ‡ΊπŸ‡Έ-Season 23- πŸ† WINNER πŸ† Xavier Prather
70%
πŸ‡ΊπŸ‡Έ Big Brother (US) πŸ‡ΊπŸ‡Έ-Reindeer Games- 4th Xavier Prather
70%
πŸ‡ΊπŸ‡Έ Big Brother (US) πŸ‡ΊπŸ‡Έ-Season 16- 9th Zach Rance
70%
πŸ‡ΊπŸ‡Έ Big Brother (US) πŸ‡ΊπŸ‡Έ-Season 8- πŸ₯‰ 3rd πŸ₯‰ Zach Swerdzewski
70%
πŸ‡ΊπŸ‡Έ Big Brother (US) πŸ‡ΊπŸ‡Έ-Season 9: 'Til Death Do You Part- πŸ† WINNER πŸ† Adam Jasinski
69%
πŸ‡ΊπŸ‡Έ Big Brother (US) πŸ‡ΊπŸ‡Έ-Season 13- πŸ₯‰ 3rd πŸ₯‰ Adam Poch
69%
πŸ‡ΊπŸ‡Έ Big Brother (US) πŸ‡ΊπŸ‡Έ-Season 6- 12th Eric Littmann
69%
πŸ‡ΊπŸ‡Έ Big Brother (US) πŸ‡ΊπŸ‡Έ-Season 3- 10th Eric Ouellette
69%
πŸ‡ΊπŸ‡Έ Big Brother (US) πŸ‡ΊπŸ‡Έ-Season 8- 5thπŸŽ–οΈ America's Player πŸŽ–οΈ Eric Stein
69%
πŸ‡ΊπŸ‡Έ Big Brother (US) πŸ‡ΊπŸ‡Έ-Season 4- πŸ† WINNER πŸ† Jun Song
69%
πŸ‡ΊπŸ‡Έ Big Brother (US) πŸ‡ΊπŸ‡Έ-Season 4- 12th Amanda Craig
68%
πŸ‡ΊπŸ‡Έ Big Brother (US) πŸ‡ΊπŸ‡Έ-Season 9: 'Til Death Do You Part- 11th/12th Amanda Hansen
68%
πŸ‡ΊπŸ‡Έ Big Brother (US) πŸ‡ΊπŸ‡Έ-Season 15- 7th Amanda Zuckerman
68%
πŸ‡ΊπŸ‡Έ Big Brother (US) πŸ‡ΊπŸ‡Έ-Season 23- πŸ₯ˆ Runner-Up πŸ₯ˆ Derek Frazier
68%
πŸ‡ΊπŸ‡Έ Big Brother (US) πŸ‡ΊπŸ‡Έ-Season 23- 10th Derek Xiao
68%
πŸ‡ΊπŸ‡Έ Big Brother (US) πŸ‡ΊπŸ‡Έ-Season 12- πŸ₯‰ 3rd πŸ₯‰ Enzo Palumbo
68%
πŸ‡ΊπŸ‡Έ Big Brother (US) πŸ‡ΊπŸ‡Έ-Season 22: All-Stars- πŸ₯ˆ Runner-Up πŸ₯ˆ Enzo Palumbo
68%
πŸ‡ΊπŸ‡Έ Big Brother (US) πŸ‡ΊπŸ‡Έ-Season 9: 'Til Death Do You Part- 13th/14th Jen DiTurno
68%
πŸ‡ΊπŸ‡Έ Big Brother (US) πŸ‡ΊπŸ‡Έ-Season 8- 8th Jen Johnson
68%
πŸ‡ΊπŸ‡Έ Big Brother (US) πŸ‡ΊπŸ‡Έ-Season 17- 6th Julia Nolan
68%
πŸ‡ΊπŸ‡Έ Big Brother (US) πŸ‡ΊπŸ‡Έ-Season 10- 7th Michelle Costa
68%
πŸ‡ΊπŸ‡Έ Big Brother (US) πŸ‡ΊπŸ‡Έ-Season 4- 11th Michelle Maradie
68%
πŸ‡ΊπŸ‡Έ Big Brother (US) πŸ‡ΊπŸ‡Έ-Season 18- 7th Michelle Meyer
68%
πŸ‡ΊπŸ‡Έ Big Brother (US) πŸ‡ΊπŸ‡Έ-Season 23- 9th Sarah Beth Steagall
68%
πŸ‡ΊπŸ‡Έ Big Brother (US) πŸ‡ΊπŸ‡Έ-Season 6- 11th Sarah Hrejsa
68%
πŸ‡ΊπŸ‡Έ Big Brother (US) πŸ‡ΊπŸ‡Έ-Season 1- πŸ† WINNER πŸ† Eddie McGee
67%
πŸ‡ΊπŸ‡Έ Big Brother (US) πŸ‡ΊπŸ‡Έ-Season 21- 8th Nick Maccarone
67%
πŸ‡ΊπŸ‡Έ Big Brother (US) πŸ‡ΊπŸ‡Έ-Season 8- 11th Nick Starcevic
67%
πŸ‡ΊπŸ‡Έ Big Brother (US) πŸ‡ΊπŸ‡Έ-Season 15- 15th Nick Uhas
67%
πŸ‡ΊπŸ‡Έ Big Brother (US) πŸ‡ΊπŸ‡Έ-Season 23- 6thπŸ’ America's Favorite πŸ’ Tiffany Mitchell
67%
πŸ‡ΊπŸ‡Έ Big Brother (US) πŸ‡ΊπŸ‡Έ-Season 18- 13th Tiffany Rousso
67%
πŸ‡ΊπŸ‡Έ Big Brother (US) πŸ‡ΊπŸ‡Έ-Season 24- 4th Brittany Hoopes
66%
πŸ‡ΊπŸ‡Έ Big Brother (US) πŸ‡ΊπŸ‡Έ-Season 16- 13th Brittany Martinez
66%
πŸ‡ΊπŸ‡Έ Big Brother (US) πŸ‡ΊπŸ‡Έ-Season 1- 7th Brittany Petros
66%
πŸ‡ΊπŸ‡Έ Big Brother (US) πŸ‡ΊπŸ‡Έ-Season 26- πŸ† WINNER πŸ† Chelsie Baham
66%
πŸ‡ΊπŸ‡Έ Big Brother (US) πŸ‡ΊπŸ‡Έ-Season 8- πŸ₯ˆ Runner-Up πŸ₯ˆ Daniele Briones
66%
πŸ‡ΊπŸ‡Έ Big Brother (US) πŸ‡ΊπŸ‡Έ-Season 13- 8th Daniele Briones
66%
πŸ‡ΊπŸ‡Έ Big Brother (US) πŸ‡ΊπŸ‡Έ-Season 22: All-Stars- 7th Daniele Briones
66%
πŸ‡ΊπŸ‡Έ Big Brother (US) πŸ‡ΊπŸ‡Έ-Season 20- πŸ† WINNER πŸ† Kaycee Clark
66%
πŸ‡ΊπŸ‡Έ Big Brother (US) πŸ‡ΊπŸ‡Έ-Season 5- 8th Natalie Carroll
66%
πŸ‡ΊπŸ‡Έ Big Brother (US) πŸ‡ΊπŸ‡Έ-Season 9: 'Til Death Do You Part- 5th Natalie Cunial
66%
πŸ‡ΊπŸ‡Έ Big Brother (US) πŸ‡ΊπŸ‡Έ-Season 11- πŸ₯ˆ Runner-Up πŸ₯ˆ Natalie Martinez
66%
πŸ‡ΊπŸ‡Έ Big Brother (US) πŸ‡ΊπŸ‡Έ-Season 18- 6th Natalie Negrotti
66%
πŸ‡ΊπŸ‡Έ Big Brother (US) πŸ‡ΊπŸ‡Έ-Season 12- 6th Brendon Villegas
65%
πŸ‡ΊπŸ‡Έ Big Brother (US) πŸ‡ΊπŸ‡Έ-Season 13- 9th(Orig. 10th) Brendon Villegas
65%
πŸ‡ΊπŸ‡Έ Big Brother (US) πŸ‡ΊπŸ‡Έ-Season 21- 6th Christie Murphy
65%
πŸ‡ΊπŸ‡Έ Big Brother (US) πŸ‡ΊπŸ‡Έ-Season 25- 5th Cirie Fields
65%
πŸ‡ΊπŸ‡Έ Big Brother (US) πŸ‡ΊπŸ‡Έ-Season 25- 8th Cory Wurtenberger
65%
πŸ‡ΊπŸ‡Έ Big Brother (US) πŸ‡ΊπŸ‡Έ-Season 21- πŸ₯ˆ Runner-Up πŸ₯ˆ Holly Allen
65%
πŸ‡ΊπŸ‡Έ Big Brother (US) πŸ‡ΊπŸ‡Έ-Season 5- 12th Holly King
65%
πŸ‡ΊπŸ‡Έ Big Brother (US) πŸ‡ΊπŸ‡Έ-Season 14- 5th Jenn Arroyo
65%
πŸ‡ΊπŸ‡Έ Big Brother (US) πŸ‡ΊπŸ‡Έ-Season 10- 10th Jessie Godderz
65%
πŸ‡ΊπŸ‡Έ Big Brother (US) πŸ‡ΊπŸ‡Έ-Season 11- 9th Jessie Godderz
65%
πŸ‡ΊπŸ‡Έ Big Brother (US) πŸ‡ΊπŸ‡Έ-Season 15- 10th Jessie Kowalski
65%
πŸ‡ΊπŸ‡Έ Big Brother (US) πŸ‡ΊπŸ‡Έ-Season 24- 9th Joseph Abdin
65%
πŸ‡ΊπŸ‡Έ Big Brother (US) πŸ‡ΊπŸ‡Έ-Season 26- 10th Joseph Rodriguez
65%
πŸ‡ΊπŸ‡Έ Big Brother (US) πŸ‡ΊπŸ‡Έ-Season 10- 4thπŸ’ America's Favorite πŸ’ Keesha Smith
65%
πŸ‡ΊπŸ‡Έ Big Brother (US) πŸ‡ΊπŸ‡Έ-Season 22: All-Stars- 16th Keesha Smith
65%
πŸ‡ΊπŸ‡Έ Big Brother (US) πŸ‡ΊπŸ‡Έ-Season 25- 6th America Lopez
64%
πŸ‡ΊπŸ‡Έ Big Brother (US) πŸ‡ΊπŸ‡Έ-Season 17- 5th Austin Matelson
64%
πŸ‡ΊπŸ‡Έ Big Brother (US) πŸ‡ΊπŸ‡Έ-Season 16- 4th Caleb Reynolds
64%
πŸ‡ΊπŸ‡Έ Big Brother (US) πŸ‡ΊπŸ‡Έ-Season 6- πŸ† WINNER πŸ† Maggie Ausburn
64%
πŸ‡ΊπŸ‡Έ Big Brother (US) πŸ‡ΊπŸ‡Έ-Over The Top- 9th Scott Dennis
64%
πŸ‡ΊπŸ‡Έ Big Brother (US) πŸ‡ΊπŸ‡Έ-Season 5- 11th Scott Long
64%
πŸ‡ΊπŸ‡Έ Big Brother (US) πŸ‡ΊπŸ‡Έ-Season 4- 13th(Expelled) Scott Weintraub
64%
πŸ‡ΊπŸ‡Έ Big Brother (US) πŸ‡ΊπŸ‡Έ-Season 9: 'Til Death Do You Part- 11th/12th Alex Coladonato
63%
πŸ‡ΊπŸ‡Έ Big Brother (US) πŸ‡ΊπŸ‡Έ-Season 19- 5th Alex Ow
63%
πŸ‡ΊπŸ‡Έ Big Brother (US) πŸ‡ΊπŸ‡Έ-Over The Top- 8th Alex Willett
63%
πŸ‡ΊπŸ‡Έ Big Brother (US) πŸ‡ΊπŸ‡Έ-Season 18- 8th Paulie Calafiore
63%
πŸ‡ΊπŸ‡Έ Big Brother (US) πŸ‡ΊπŸ‡Έ-Season 26- 11thπŸ’ America's Favorite πŸ’ Tucker Des Lauriers
63%
πŸ‡ΊπŸ‡Έ Big Brother (US) πŸ‡ΊπŸ‡Έ-Season 20- 11th Bayleigh Dayton
62%
πŸ‡ΊπŸ‡Έ Big Brother (US) πŸ‡ΊπŸ‡Έ-Season 22: All-Stars- 12th Bayleigh Dayton
62%
πŸ‡ΊπŸ‡Έ Big Brother (US) πŸ‡ΊπŸ‡Έ-Over The Top- 12th Monte Massongill
62%
πŸ‡ΊπŸ‡Έ Big Brother (US) πŸ‡ΊπŸ‡Έ-Season 24- πŸ₯ˆ Runner-Up πŸ₯ˆ Monte Taylor
62%
πŸ‡ΊπŸ‡Έ Big Brother (US) πŸ‡ΊπŸ‡Έ-Season 25- 4th Felicia Cannon
61%
πŸ‡ΊπŸ‡Έ Big Brother (US) πŸ‡ΊπŸ‡Έ-Season 15- πŸ₯ˆ Runner-Up πŸ₯ˆ GinaMarie Zimmerman
61%
πŸ‡ΊπŸ‡Έ Big Brother (US) πŸ‡ΊπŸ‡Έ-Season 6- 5th Howie Gordon
61%
πŸ‡ΊπŸ‡Έ Big Brother (US) πŸ‡ΊπŸ‡Έ-Season 7: All-Stars- 8th Howie Gordon
61%
πŸ‡ΊπŸ‡Έ Big Brother (US) πŸ‡ΊπŸ‡Έ-Season 20- πŸ₯‰ 3rd πŸ₯‰ JC Mounduix
61%
πŸ‡ΊπŸ‡Έ Big Brother (US) πŸ‡ΊπŸ‡Έ-Season 20- 5th Sam Bledsoe
61%
πŸ‡ΊπŸ‡Έ Big Brother (US) πŸ‡ΊπŸ‡Έ-Season 21- 12th Sam Smith
61%
πŸ‡ΊπŸ‡Έ Big Brother (US) πŸ‡ΊπŸ‡Έ-Season 4- πŸ₯ˆ Runner-Up πŸ₯ˆ Alison Irwin
60%
πŸ‡ΊπŸ‡Έ Big Brother (US) πŸ‡ΊπŸ‡Έ-Season 7: All-Stars- 14th Alison Irwin
60%
πŸ‡ΊπŸ‡Έ Big Brother (US) πŸ‡ΊπŸ‡Έ-Season 4- 4th Erika Landin
60%
πŸ‡ΊπŸ‡Έ Big Brother (US) πŸ‡ΊπŸ‡Έ-Season 7: All-Stars- πŸ₯ˆ Runner-Up πŸ₯ˆ Erika Landin
60%
πŸ‡ΊπŸ‡Έ Big Brother (US) πŸ‡ΊπŸ‡Έ-Season 19- 9th Mark Jansen
60%
πŸ‡ΊπŸ‡Έ Big Brother (US) πŸ‡ΊπŸ‡Έ-Season 17- 8th Meg Maley
60%
πŸ‡ΊπŸ‡Έ Big Brother (US) πŸ‡ΊπŸ‡Έ-Season 23- 7th Alyssa Lopez
59%
πŸ‡ΊπŸ‡Έ Big Brother (US) πŸ‡ΊπŸ‡Έ-Season 24- 5th Alyssa Snider
59%
πŸ‡ΊπŸ‡Έ Big Brother (US) πŸ‡ΊπŸ‡Έ-Season 10- 8th April Dowling
59%
πŸ‡ΊπŸ‡Έ Big Brother (US) πŸ‡ΊπŸ‡Έ-Season 6- 4th April Lewis
59%
πŸ‡ΊπŸ‡Έ Big Brother (US) πŸ‡ΊπŸ‡Έ-Season 16- 6th Christine Brecht
59%
πŸ‡ΊπŸ‡Έ Big Brother (US) πŸ‡ΊπŸ‡Έ-Season 23- 8th Claire Rehfuss
59%
πŸ‡ΊπŸ‡Έ Big Brother (US) πŸ‡ΊπŸ‡Έ-Season 16- 8thπŸ’ America's Favorite πŸ’ Donny Thompson
59%
πŸ‡ΊπŸ‡Έ Big Brother (US) πŸ‡ΊπŸ‡Έ-Season 5- πŸ† WINNER πŸ† Drew Daniel
59%
πŸ‡ΊπŸ‡Έ Big Brother (US) πŸ‡ΊπŸ‡Έ-Season 23- 5th Hannah Chaddha
59%
πŸ‡ΊπŸ‡Έ Big Brother (US) πŸ‡ΊπŸ‡Έ-Season 10- πŸ₯‰ 3rd πŸ₯‰ Jerry MacDonald
59%
πŸ‡ΊπŸ‡Έ Big Brother (US) πŸ‡ΊπŸ‡Έ-Season 25- 17th(Expelled) Luke Valentine
59%
πŸ‡ΊπŸ‡Έ Big Brother (US) πŸ‡ΊπŸ‡Έ-Season 21- 5th Tommy Bracco
59%
πŸ‡ΊπŸ‡Έ Big Brother (US) πŸ‡ΊπŸ‡Έ-Season 3- 4th(Orig. 10th) Amy Crews
58%
πŸ‡ΊπŸ‡Έ Big Brother (US) πŸ‡ΊπŸ‡Έ-Season 25- 7th Blue Kim
58%
πŸ‡ΊπŸ‡Έ Big Brother (US) πŸ‡ΊπŸ‡Έ-Season 25- 11th Jared Fields
58%
πŸ‡ΊπŸ‡Έ Big Brother (US) πŸ‡ΊπŸ‡Έ-Season 26- 7th Leah Peters
58%
πŸ‡ΊπŸ‡Έ Big Brother (US) πŸ‡ΊπŸ‡Έ-Season 16- 12th Amber Borzotra
57%
πŸ‡ΊπŸ‡Έ Big Brother (US) πŸ‡ΊπŸ‡Έ-Season 8- 7th Amber Siyavus
57%
πŸ‡ΊπŸ‡Έ Big Brother (US) πŸ‡ΊπŸ‡Έ-Season 20- 6th Brett Robinson
57%
πŸ‡ΊπŸ‡Έ Big Brother (US) πŸ‡ΊπŸ‡Έ-Season 18- 4th Corey Brooks
57%
πŸ‡ΊπŸ‡Έ Big Brother (US) πŸ‡ΊπŸ‡Έ-Season 6- πŸ₯ˆ Runner-Up πŸ₯ˆ Ivette Corredero
57%
πŸ‡ΊπŸ‡Έ Big Brother (US) πŸ‡ΊπŸ‡Έ-Season 25- 12th Izzy Gleicher
57%
πŸ‡ΊπŸ‡Έ Big Brother (US) πŸ‡ΊπŸ‡Έ-Season 6- 9th Jennifer Vasquez
57%
πŸ‡ΊπŸ‡Έ Big Brother (US) πŸ‡ΊπŸ‡Έ-Season 24- 8th Kyle Capener
57%
πŸ‡ΊπŸ‡Έ Big Brother (US) πŸ‡ΊπŸ‡Έ-Season 3- 5th Marcellas Reynolds
57%
πŸ‡ΊπŸ‡Έ Big Brother (US) πŸ‡ΊπŸ‡Έ-Season 7: All-Stars- 9th Marcellas Reynolds
57%
πŸ‡ΊπŸ‡Έ Big Brother (US) πŸ‡ΊπŸ‡Έ-Season 13- πŸ₯ˆ Runner-Up πŸ₯ˆ Porsche Briggs
57%
πŸ‡ΊπŸ‡Έ Big Brother (US) πŸ‡ΊπŸ‡Έ-Season 19- 6th Raven Walton
57%
πŸ‡ΊπŸ‡Έ Big Brother (US) πŸ‡ΊπŸ‡Έ-Season 20- 10th Rockstar Lantry
57%
πŸ‡ΊπŸ‡Έ Big Brother (US) πŸ‡ΊπŸ‡Έ-Season 26- 4th Rubina Bernabe
57%
πŸ‡ΊπŸ‡Έ Big Brother (US) πŸ‡ΊπŸ‡Έ-Season 14- 9th Ashley Iocco
56%
πŸ‡ΊπŸ‡Έ Big Brother (US) πŸ‡ΊπŸ‡Έ-Season 25- πŸ₯‰ 3rd πŸ₯‰ Bowie Jane Ball
56%
πŸ‡ΊπŸ‡Έ Big Brother (US) πŸ‡ΊπŸ‡Έ-Season 10- 6th Bryan Ollie
56%
πŸ‡ΊπŸ‡Έ Big Brother (US) πŸ‡ΊπŸ‡Έ-Season 2- 5th Bunky Miller
56%
πŸ‡ΊπŸ‡Έ Big Brother (US) πŸ‡ΊπŸ‡Έ-Season 16- 14th Devin Shepherd
56%
πŸ‡ΊπŸ‡Έ Big Brother (US) πŸ‡ΊπŸ‡Έ-Season 15- 6thπŸ’ America's Favorite πŸ’ Elissa Slater
56%
πŸ‡ΊπŸ‡Έ Big Brother (US) πŸ‡ΊπŸ‡Έ-Season 16- 16th Joey Van Pelt
56%
πŸ‡ΊπŸ‡Έ Big Brother (US) πŸ‡ΊπŸ‡Έ-Season 26- 5th Kimo Apaka
56%
πŸ‡ΊπŸ‡Έ Big Brother (US) πŸ‡ΊπŸ‡Έ-Season 12- πŸ₯ˆ Runner-Up πŸ₯ˆ Lane Elenburg
56%
πŸ‡ΊπŸ‡Έ Big Brother (US) πŸ‡ΊπŸ‡Έ-Season 26- πŸ₯ˆ Runner-Up πŸ₯ˆ Makensy Manbeck
56%
πŸ‡ΊπŸ‡Έ Big Brother (US) πŸ‡ΊπŸ‡Έ-Season 26- 9th Quinn Martin
56%
πŸ‡ΊπŸ‡Έ Big Brother (US) πŸ‡ΊπŸ‡Έ-Over The Top- 11th Shane Chapman
56%
πŸ‡ΊπŸ‡Έ Big Brother (US) πŸ‡ΊπŸ‡Έ-Season 14- 4th Shane Meaney
56%
πŸ‡ΊπŸ‡Έ Big Brother (US) πŸ‡ΊπŸ‡Έ-Season 15- 9th Helen Kim
55%
πŸ‡ΊπŸ‡Έ Big Brother (US) πŸ‡ΊπŸ‡Έ-Season 15- 4th McCrae Olson
55%
πŸ‡ΊπŸ‡Έ Big Brother (US) πŸ‡ΊπŸ‡Έ-Season 13- 6th Shelly Moore
55%
πŸ‡ΊπŸ‡Έ Big Brother (US) πŸ‡ΊπŸ‡Έ-Season 26- 8th T'kor Clottey
55%
πŸ‡ΊπŸ‡Έ Big Brother (US) πŸ‡ΊπŸ‡Έ-Season 15- 8th Aaryn Gries
54%
πŸ‡ΊπŸ‡Έ Big Brother (US) πŸ‡ΊπŸ‡Έ-Season 23- πŸ₯‰ 3rd πŸ₯‰ Azah Awasum
54%
πŸ‡ΊπŸ‡Έ Big Brother (US) πŸ‡ΊπŸ‡Έ-Season 5- πŸ₯‰ 3rd πŸ₯‰ Diane Henry
54%
πŸ‡ΊπŸ‡Έ Big Brother (US) πŸ‡ΊπŸ‡Έ-Season 7: All-Stars- 11th Diane Henry
54%
πŸ‡ΊπŸ‡Έ Big Brother (US) πŸ‡ΊπŸ‡Έ-Season 17- 17th Jace Agolli
54%
πŸ‡ΊπŸ‡Έ Big Brother (US) πŸ‡ΊπŸ‡Έ-Over The Top- 4th Justin Duncan
54%
πŸ‡ΊπŸ‡Έ Big Brother (US) πŸ‡ΊπŸ‡Έ-Season 4- 7th Justin Giovinco
54%
πŸ‡ΊπŸ‡Έ Big Brother (US) πŸ‡ΊπŸ‡Έ-Season 2- 12th(Expelled) Justin Sebik
54%
πŸ‡ΊπŸ‡Έ Big Brother (US) πŸ‡ΊπŸ‡Έ-Season 23- 4th Kyland Young
54%
πŸ‡ΊπŸ‡Έ Big Brother (US) πŸ‡ΊπŸ‡Έ-Season 2- πŸ₯‰ 3rd πŸ₯‰ Monica Bailey
54%
πŸ‡ΊπŸ‡Έ Big Brother (US) πŸ‡ΊπŸ‡Έ-Season 24- 16th(Quit) Paloma Aguilar
54%
πŸ‡ΊπŸ‡Έ Big Brother (US) πŸ‡ΊπŸ‡Έ-Season 16- 15th Paola Shea
54%
πŸ‡ΊπŸ‡Έ Big Brother (US) πŸ‡ΊπŸ‡Έ-Season 9: 'Til Death Do You Part- πŸ₯ˆ Runner-Up πŸ₯ˆ(Orig. 9th/10th) Ryan Quicksall
54%
πŸ‡ΊπŸ‡Έ Big Brother (US) πŸ‡ΊπŸ‡Έ-Season 11- 8th(Expelled) Chima Simone
53%
πŸ‡ΊπŸ‡Έ Big Brother (US) πŸ‡ΊπŸ‡Έ-Season 21- 4th(Orig. 13th) Cliff Hogg III
53%
πŸ‡ΊπŸ‡Έ Big Brother (US) πŸ‡ΊπŸ‡Έ-Season 20- 9th Faysal 'Fessy' Shafaat
53%
πŸ‡ΊπŸ‡Έ Big Brother (US) πŸ‡ΊπŸ‡Έ-Season 20- 7th Haleigh Broucher
53%
πŸ‡ΊπŸ‡Έ Big Brother (US) πŸ‡ΊπŸ‡Έ-Season 17- 10th Jackie Ibarra
53%
πŸ‡ΊπŸ‡Έ Big Brother (US) πŸ‡ΊπŸ‡Έ-Season 15- 5th(Orig. 10th) Judd Daugherty
53%
πŸ‡ΊπŸ‡Έ Big Brother (US) πŸ‡ΊπŸ‡Έ-Season 5- 4th Nakomis Dedmon
53%
πŸ‡ΊπŸ‡Έ Big Brother (US) πŸ‡ΊπŸ‡Έ-Season 7: All-Stars- 13th Nakomis Dedmon
53%
πŸ‡ΊπŸ‡Έ Big Brother (US) πŸ‡ΊπŸ‡Έ-Season 15- πŸ₯‰ 3rd πŸ₯‰ Spencer Clawson
53%
πŸ‡ΊπŸ‡Έ Big Brother (US) πŸ‡ΊπŸ‡Έ-Season 12- 11th Andrew Gordon
52%
πŸ‡ΊπŸ‡Έ Big Brother (US) πŸ‡ΊπŸ‡Έ-Season 10- 13th Brian Hart
52%
πŸ‡ΊπŸ‡Έ Big Brother (US) πŸ‡ΊπŸ‡Έ-Season 19- 16th(Quit) Megan Lowder
52%
πŸ‡ΊπŸ‡Έ Big Brother (US) πŸ‡ΊπŸ‡Έ-Season 17- 14th Audrey Middleton
51%
πŸ‡ΊπŸ‡Έ Big Brother (US) πŸ‡ΊπŸ‡Έ-Season 26- 13th Cedric Hodges
51%
πŸ‡ΊπŸ‡Έ Big Brother (US) πŸ‡ΊπŸ‡Έ-Season 4- 5th Jee Choe
51%
πŸ‡ΊπŸ‡Έ Big Brother (US) πŸ‡ΊπŸ‡Έ-Season 24- πŸ₯‰ 3rd πŸ₯‰ Matthew Turner
51%
πŸ‡ΊπŸ‡Έ Big Brother (US) πŸ‡ΊπŸ‡Έ-Season 4- πŸ₯‰ 3rd πŸ₯‰ Robert Roman
51%
πŸ‡ΊπŸ‡Έ Big Brother (US) πŸ‡ΊπŸ‡Έ-Season 20- 8th(Orig. 9th) Scottie Salton
51%
πŸ‡ΊπŸ‡Έ Big Brother (US) πŸ‡ΊπŸ‡Έ-Season 14- 14th(Expelled) Willie Hantz
51%
πŸ‡ΊπŸ‡Έ Big Brother (US) πŸ‡ΊπŸ‡Έ-Season 17- 12th Clay Honeycutt
50%
πŸ‡ΊπŸ‡Έ Big Brother (US) πŸ‡ΊπŸ‡Έ-Season 13- 11th Dominic Briones
50%
πŸ‡ΊπŸ‡Έ Big Brother (US) πŸ‡ΊπŸ‡Έ-Season 19- 10th Elena Davies
50%
πŸ‡ΊπŸ‡Έ Big Brother (US) πŸ‡ΊπŸ‡Έ-Season 18- 16th Glenn Garcia
50%
πŸ‡ΊπŸ‡Έ Big Brother (US) πŸ‡ΊπŸ‡Έ-Season 12- 8th Kathy Hillis
50%
πŸ‡ΊπŸ‡Έ Big Brother (US) πŸ‡ΊπŸ‡Έ-Season 10- 9th Libra Thompson
50%
πŸ‡ΊπŸ‡Έ Big Brother (US) πŸ‡ΊπŸ‡Έ-Season 10- 5th Renny Martyn
50%
πŸ‡ΊπŸ‡Έ Big Brother (US) πŸ‡ΊπŸ‡Έ-Season 15- 11th Candice Stewart
49%
πŸ‡ΊπŸ‡Έ Big Brother (US) πŸ‡ΊπŸ‡Έ-Season 23- 12th Christian Birkenberger
49%
πŸ‡ΊπŸ‡Έ Big Brother (US) πŸ‡ΊπŸ‡Έ-Season 15- 12th Howard Overby
49%
πŸ‡ΊπŸ‡Έ Big Brother (US) πŸ‡ΊπŸ‡Έ-Season 21- 13th Isabella Wang
49%
πŸ‡ΊπŸ‡Έ Big Brother (US) πŸ‡ΊπŸ‡Έ-Season 5- 10th Jase Wirey
49%
πŸ‡ΊπŸ‡Έ Big Brother (US) πŸ‡ΊπŸ‡Έ-Season 7: All-Stars- 12th Jase Wirey
49%
πŸ‡ΊπŸ‡Έ Big Brother (US) πŸ‡ΊπŸ‡Έ-Season 20- 13th Kaitlyn Herman
49%
πŸ‡ΊπŸ‡Έ Big Brother (US) πŸ‡ΊπŸ‡Έ-Season 12- 10th Kristen Bitting
49%
πŸ‡ΊπŸ‡Έ Big Brother (US) πŸ‡ΊπŸ‡Έ-Over The Top- πŸ† WINNER πŸ† Morgan Willett
49%
πŸ‡ΊπŸ‡Έ Big Brother (US) πŸ‡ΊπŸ‡Έ-Season 21- 15th Ovi Kabir
49%
πŸ‡ΊπŸ‡Έ Big Brother (US) πŸ‡ΊπŸ‡Έ-Season 25- 13th Red Utley
49%
πŸ‡ΊπŸ‡Έ Big Brother (US) πŸ‡ΊπŸ‡Έ-Season 10- 12th Steven Daigle
49%
πŸ‡ΊπŸ‡Έ Big Brother (US) πŸ‡ΊπŸ‡Έ-Season 12- 13th Annie Whittington
48%
πŸ‡ΊπŸ‡Έ Big Brother (US) πŸ‡ΊπŸ‡Έ-Season 6- 6th Beau Beasley
48%
πŸ‡ΊπŸ‡Έ Big Brother (US) πŸ‡ΊπŸ‡Έ-Season 18- 9th Bridgette Dunning
48%
πŸ‡ΊπŸ‡Έ Big Brother (US) πŸ‡ΊπŸ‡Έ-Season 18- 14th Bronte D'Acquisto
48%
πŸ‡ΊπŸ‡Έ Big Brother (US) πŸ‡ΊπŸ‡Έ-Season 2- 4th Hardy Ames-Hill
48%
πŸ‡ΊπŸ‡Έ Big Brother (US) πŸ‡ΊπŸ‡Έ-Season 21- 14th Kemi Fakunle
48%
πŸ‡ΊπŸ‡Έ Big Brother (US) πŸ‡ΊπŸ‡Έ-Season 26- 12th Brooklyn Rivera
47%
πŸ‡ΊπŸ‡Έ Big Brother (US) πŸ‡ΊπŸ‡Έ-Season 14- 16th Jodi Rollins
47%
πŸ‡ΊπŸ‡Έ Big Brother (US) πŸ‡ΊπŸ‡Έ-Season 13- 5th Kalia Booker
47%
πŸ‡ΊπŸ‡Έ Big Brother (US) πŸ‡ΊπŸ‡Έ-Season 12- 5th Ragan Fox
47%
πŸ‡ΊπŸ‡Έ Big Brother (US) πŸ‡ΊπŸ‡Έ-Season 11- 6th Russell Kairouz
47%
πŸ‡ΊπŸ‡Έ Big Brother (US) πŸ‡ΊπŸ‡Έ-Season 17- 11th Shelli Poole
47%
πŸ‡ΊπŸ‡Έ Big Brother (US) πŸ‡ΊπŸ‡Έ-Season 1- 10th William Collins
47%
πŸ‡ΊπŸ‡Έ Big Brother (US) πŸ‡ΊπŸ‡Έ-Season 23- 15th Frenchie French
46%
πŸ‡ΊπŸ‡Έ Big Brother (US) πŸ‡ΊπŸ‡Έ-Season 15- 14th Jeremy McGuire
46%
πŸ‡ΊπŸ‡Έ Big Brother (US) πŸ‡ΊπŸ‡Έ-Season 16- 11th Jocasta Odom
46%
πŸ‡ΊπŸ‡Έ Big Brother (US) πŸ‡ΊπŸ‡Έ-Season 19- 13th Ramses Soto
46%
πŸ‡ΊπŸ‡Έ Big Brother (US) πŸ‡ΊπŸ‡Έ-Season 2- 9th Shannon Dragoo
46%
πŸ‡ΊπŸ‡Έ Big Brother (US) πŸ‡ΊπŸ‡Έ-Season 17- 9th Becky Burgess
45%
πŸ‡ΊπŸ‡Έ Big Brother (US) πŸ‡ΊπŸ‡Έ-Season 18- 15th Jozea Flores
45%
πŸ‡ΊπŸ‡Έ Big Brother (US) πŸ‡ΊπŸ‡Έ-Season 18- 10th Zakiyah Everette
45%
πŸ‡ΊπŸ‡Έ Big Brother (US) πŸ‡ΊπŸ‡Έ-Season 24- 10th Jasmine Davis
44%
πŸ‡ΊπŸ‡Έ Big Brother (US) πŸ‡ΊπŸ‡Έ-Season 1- 8th Karen Fowler
44%
πŸ‡ΊπŸ‡Έ Big Brother (US) πŸ‡ΊπŸ‡Έ-Season 5- 5th Karen Ganci
44%
πŸ‡ΊπŸ‡Έ Big Brother (US) πŸ‡ΊπŸ‡Έ-Season 26- 14th Kenney Kelley
44%
πŸ‡ΊπŸ‡Έ Big Brother (US) πŸ‡ΊπŸ‡Έ-Season 13- 10th Lawon Exum
44%
πŸ‡ΊπŸ‡Έ Big Brother (US) πŸ‡ΊπŸ‡Έ-Season 25- 10th Mecole Hayes
44%
πŸ‡ΊπŸ‡Έ Big Brother (US) πŸ‡ΊπŸ‡Έ-Season 12- 12th Monet Stunson
44%
πŸ‡ΊπŸ‡Έ Big Brother (US) πŸ‡ΊπŸ‡Έ-Season 25- 15th Reilly Smedley
44%
πŸ‡ΊπŸ‡Έ Big Brother (US) πŸ‡ΊπŸ‡Έ-Season 9: 'Til Death Do You Part- 4th(Orig. 15th/16th) Sharon Obermueller
44%
πŸ‡ΊπŸ‡Έ Big Brother (US) πŸ‡ΊπŸ‡Έ-Season 20- 14th Winston Hines
44%
πŸ‡ΊπŸ‡Έ Big Brother (US) πŸ‡ΊπŸ‡Έ-Season 6- 14th Ashlea Evans
43%
πŸ‡ΊπŸ‡Έ Big Brother (US) πŸ‡ΊπŸ‡Έ-Season 25- 14th Hisam Goueli
43%
πŸ‡ΊπŸ‡Έ Big Brother (US) πŸ‡ΊπŸ‡Έ-Season 13- 13th Keith Henderson
43%
πŸ‡ΊπŸ‡Έ Big Brother (US) πŸ‡ΊπŸ‡Έ-Season 11- 7th Lydia Tavera
43%
πŸ‡ΊπŸ‡Έ Big Brother (US) πŸ‡ΊπŸ‡Έ-Season 24- 15th Pooch Pucciarelli
43%
πŸ‡ΊπŸ‡Έ Big Brother (US) πŸ‡ΊπŸ‡Έ-Season 9: 'Til Death Do You Part- πŸ₯‰ 3rd πŸ₯‰ Sheila Kennedy
43%
πŸ‡ΊπŸ‡Έ Big Brother (US) πŸ‡ΊπŸ‡Έ-Over The Top- 7th Whitney Hogg
43%
πŸ‡ΊπŸ‡Έ Big Brother (US) πŸ‡ΊπŸ‡Έ-Season 23- 13th Whitney Williams
43%
πŸ‡ΊπŸ‡Έ Big Brother (US) πŸ‡ΊπŸ‡Έ-Season 24- 14th Ameerah Jones
42%
πŸ‡ΊπŸ‡Έ Big Brother (US) πŸ‡ΊπŸ‡Έ-Season 23- 14th Brent Champagne
42%
πŸ‡ΊπŸ‡Έ Big Brother (US) πŸ‡ΊπŸ‡Έ-Season 21- 10th Kathryn Dunn
42%
πŸ‡ΊπŸ‡Έ Big Brother (US) πŸ‡ΊπŸ‡Έ-Season 11- 4th Michele Noonan
42%
πŸ‡ΊπŸ‡Έ Big Brother (US) πŸ‡ΊπŸ‡Έ-Season 4- 8th Nathan Marlow
42%
πŸ‡ΊπŸ‡Έ Big Brother (US) πŸ‡ΊπŸ‡Έ-Season 11- 10th Ronnie Talbott
42%
πŸ‡ΊπŸ‡Έ Big Brother (US) πŸ‡ΊπŸ‡Έ-Season 13- 12th Cassi Colvin
41%
πŸ‡ΊπŸ‡Έ Big Brother (US) πŸ‡ΊπŸ‡Έ-Season 25- 16th Kirsten Elwin
41%
πŸ‡ΊπŸ‡Έ Big Brother (US) πŸ‡ΊπŸ‡Έ-Season 2- 6th Krista Stegall
41%
πŸ‡ΊπŸ‡Έ Big Brother (US) πŸ‡ΊπŸ‡Έ-Season 9: 'Til Death Do You Part- 13th/14th Parker Somerville
41%
πŸ‡ΊπŸ‡Έ Big Brother (US) πŸ‡ΊπŸ‡Έ-Season 24- 7th Terrance Higgins
41%
πŸ‡ΊπŸ‡Έ Big Brother (US) πŸ‡ΊπŸ‡Έ-Season 5- 7th Adria Klein
40%
πŸ‡ΊπŸ‡Έ Big Brother (US) πŸ‡ΊπŸ‡Έ-Season 19- 14th Dominique Cooper
40%
πŸ‡ΊπŸ‡Έ Big Brother (US) πŸ‡ΊπŸ‡Έ-Season 8- 4th Jameka Cameron
40%
πŸ‡ΊπŸ‡Έ Big Brother (US) πŸ‡ΊπŸ‡Έ-Season 19- 15th Jillian Parker
40%
πŸ‡ΊπŸ‡Έ Big Brother (US) πŸ‡ΊπŸ‡Έ-Season 14- 13th JoJo Spatafora
40%
πŸ‡ΊπŸ‡Έ Big Brother (US) πŸ‡ΊπŸ‡Έ-Season 14- 15th Kara Monaco
40%
πŸ‡ΊπŸ‡Έ Big Brother (US) πŸ‡ΊπŸ‡Έ-Season 9: 'Til Death Do You Part- 10th(Orig. 9th/10th) Allison Nichols
39%
πŸ‡ΊπŸ‡Έ Big Brother (US) πŸ‡ΊπŸ‡Έ-Season 10- 11th Angie Swindell
39%
πŸ‡ΊπŸ‡Έ Big Brother (US) πŸ‡ΊπŸ‡Έ-Season 8- 9th Dustin Erikstrup
39%
πŸ‡ΊπŸ‡Έ Big Brother (US) πŸ‡ΊπŸ‡Έ-Season 9: 'Til Death Do You Part- 16th Jacob Heald
39%
πŸ‡ΊπŸ‡Έ Big Brother (US) πŸ‡ΊπŸ‡Έ-Season 15- 13th Kaitlin Barnaby
39%
πŸ‡ΊπŸ‡Έ Big Brother (US) πŸ‡ΊπŸ‡Έ-Season 2- 7th Kent Blackwelder
39%
πŸ‡ΊπŸ‡Έ Big Brother (US) πŸ‡ΊπŸ‡Έ-Season 5- 6th Marvin Latimer
39%
πŸ‡ΊπŸ‡Έ Big Brother (US) πŸ‡ΊπŸ‡Έ-Season 21- 9th Analyse Talavera
38%
πŸ‡ΊπŸ‡Έ Big Brother (US) πŸ‡ΊπŸ‡Έ-Season 24- 11th Indy Santos
38%
πŸ‡ΊπŸ‡Έ Big Brother (US) πŸ‡ΊπŸ‡Έ-Season 23- 16th Travis Long
38%
πŸ‡ΊπŸ‡Έ Big Brother (US) πŸ‡ΊπŸ‡Έ-Season 2- 11th Sheryl Braxton
37%
πŸ‡ΊπŸ‡Έ Big Brother (US) πŸ‡ΊπŸ‡Έ-Season 11- 13th Braden Bacha
36%
πŸ‡ΊπŸ‡Έ Big Brother (US) πŸ‡ΊπŸ‡Έ-Season 23- 11th Britini D'Angelo
36%
πŸ‡ΊπŸ‡Έ Big Brother (US) πŸ‡ΊπŸ‡Έ-Season 8- 14th Carol Journey
36%
πŸ‡ΊπŸ‡Έ Big Brother (US) πŸ‡ΊπŸ‡Έ-Season 4- 9th Dana Varela
36%
πŸ‡ΊπŸ‡Έ Big Brother (US) πŸ‡ΊπŸ‡Έ-Season 8- 10th Kail Harbick
36%
πŸ‡ΊπŸ‡Έ Big Brother (US) πŸ‡ΊπŸ‡Έ-Season 2- 10th Autumn Daly
35%
πŸ‡ΊπŸ‡Έ Big Brother (US) πŸ‡ΊπŸ‡Έ-Season 11- 11th Casey Turner
35%
πŸ‡ΊπŸ‡Έ Big Brother (US) πŸ‡ΊπŸ‡Έ-Season 9: 'Til Death Do You Part- 8th Chelsia Hart
35%
πŸ‡ΊπŸ‡Έ Big Brother (US) πŸ‡ΊπŸ‡Έ-Season 1- πŸ₯‰ 3rd πŸ₯‰ Curtis Kin
35%
πŸ‡ΊπŸ‡Έ Big Brother (US) πŸ‡ΊπŸ‡Έ-Season 3- 7th Gerry Lancaster
35%
πŸ‡ΊπŸ‡Έ Big Brother (US) πŸ‡ΊπŸ‡Έ-Season 1- 4th Jamie Kern
35%
πŸ‡ΊπŸ‡Έ Big Brother (US) πŸ‡ΊπŸ‡Έ-Season 1- 6th Cassandra Waldon
34%
πŸ‡ΊπŸ‡Έ Big Brother (US) πŸ‡ΊπŸ‡Έ-Season 3- 12th Lori Olson
34%
πŸ‡ΊπŸ‡Έ Big Brother (US) πŸ‡ΊπŸ‡Έ-Season 5- 13th Lori Valenti
34%
πŸ‡ΊπŸ‡Έ Big Brother (US) πŸ‡ΊπŸ‡Έ-Season 3- 6th Roddy Mancuso
34%
πŸ‡ΊπŸ‡Έ Big Brother (US) πŸ‡ΊπŸ‡Έ-Season 11- 12th Laura Crosby
33%
πŸ‡ΊπŸ‡Έ Big Brother (US) πŸ‡ΊπŸ‡Έ-Season 3- 8th Chiara 'Kiki' Berti
30%
πŸ‡ΊπŸ‡Έ Big Brother (US) πŸ‡ΊπŸ‡Έ-Over The Top- 13th Cornbread Ligon
30%
πŸ‡ΊπŸ‡Έ Big Brother (US) πŸ‡ΊπŸ‡Έ-Season 9: 'Til Death Do You Part- 15th(Quit) Neil Garcia
30%
πŸ‡ΊπŸ‡Έ Big Brother (US) πŸ‡ΊπŸ‡Έ-Season 9: 'Til Death Do You Part- 7th Joshuah Welch
28%
πŸ‡ΊπŸ‡Έ Big Brother (US) πŸ‡ΊπŸ‡Έ-Season 3- 11th Tonya Paoni
24%
πŸ‡ΊπŸ‡Έ Big Brother (US) πŸ‡ΊπŸ‡Έ-Over The Top- 5th Shelby Stockton
23%
πŸ‡ΊπŸ‡Έ Big Brother (US) πŸ‡ΊπŸ‡Έ-Over The Top- πŸ₯‰ 3rd πŸ₯‰ Kryssie Ridolfi
18%
πŸ‡ΊπŸ‡Έ Big Brother (US) πŸ‡ΊπŸ‡Έ-Over The Top- 10th Neeley Jackson
17%
No matching quizzes found
Score Distribution
Percent of People with Each Score
Percentile by Number Answered
Your Score History
You have not taken this quiz since the last reset